Creative Editing (Record no. 7560)
[ view plain ]
| 000 -LEADER | |
|---|---|
| fixed length control field | 00885nam a2200193 4500 |
| 020 ## - INTERNATIONAL STANDARD BOOK NUMBER | |
| ISBN | 9780495115519 |
| 050 ## - CALL NUMBER | |
| Classification number | PN4778 |
| Item number | .B67 |
| 100 ## - AUTHOR | |
| Personal name | Bowles Dorothy A.(5) |
| 245 ## - TITLE | |
| Title | Creative Editing |
| Statement of responsibility, etc | Dorothy A. Bowles & Diane L. Borden |
| 250 ## - EDITION | |
| Edition statement | 5th Ed. |
| 260 ## - PUBLICATION INFORMATION | |
| Place of publication | Boston, MA, USA : |
| Name of publisher | Thomson/Wadsworth, |
| Year of publication | 2008 |
| 300 ## - DESCRIPTION | |
| Number of Pages | xv, 414 pages : |
| Other physical details | illustrations ; |
| Dimensions | 28 cm |
| 440 ## - SERIES | |
| SERIES | Wadsworth series in mass communication and journalism |
| 500 ## - NOTES | |
| General note | Includes Index |
| 505 ## - FORMATTED CONTENTS NOTE | |
| Table of Content | 1. The Copy Editor's Role<br/>2. Using Correct Grammar and Punctuation<br/>3. Consistent Style and Correct words <br/>4. Checking Facts<br/>5. Editing stories<br/>6. Legal Concerns<br/>7. Editing and Ethics<br/>8. Typography<br/>9. Writing Headlines<br/>10. Editing Pictures and Info graphics<br/>11. Design and Layout<br/>Index |
| 650 ## - SUBJECTS | |
| Topical Term | Journalism -- Editing. |
| General subdivision | Editing. |
| 700 ## - OTHER AUTHORS | |
| Personal name | Borden Diane L.(ed.) |
| 942 ## - ADDED ENTRY ELEMENTS (KOHA) | |
| Koha item type | Books |
| Withdrawn status | Lost status | Collection code | Home library | Current library | Shelving location | Date acquired | Full call number | Accession Number | Koha item type |
|---|---|---|---|---|---|---|---|---|---|
| Reference | Methodist University Library Main | Methodist University Library Main | General Stacks | 03/12/2013 | PN4778 .B67 | 39169 | Books |